Notas para el estudio económico de América Latina y el Caribe, 1987, El Salvador /

保存先:
書誌詳細
共著者: Naciones Unidas, CEPAL
フォーマット: テキスト
出版事項: s.l.: NU
タグ: タグ追加
タグなし, このレコードへの初めてのタグを付けませんか!

MARC

LEADER 00000 a a2200000 04500
001 24542
003
040
090 |a 176300  
110 |a Naciones Unidas  
245 |a Notas para el estudio económico de América Latina y el Caribe, 1987, El Salvador /  |c Naciones Unidas  
260 |a s.l.:   |b NU  
300 |a 40 p.   |b **no definido**  
710 |a CEPAL  
999 |c 5406  |d 5406